[Event "LiSB-ch C"]
[Site "Sittard"]
[Date "2003.11.29"]
[Round "2"]
[White "Werts, Frits"]
[Black "Paas, Hans"]
[Result "1-0"]
[WhiteElo "1629"]
[BlackElo "1302"]
[PlyCount "65"]
[EventDate "2003.11.29"]
[EventType "swiss"]
[EventRounds "7"]
[EventCountry "NED"]
[Source "P.Boonen"]
[SourceDate "2012.01.01"]

1. e4 e6 2. d4 d6 3. Nf3 h6 4. Bc4 c6 5. O-O Nf6 6. Nc3 Nbd7 7. Re1 Nb6 8. Bb3
Be7 9. Bf4 Nh5 10. Qd2 O-O 11. Rad1 Nxf4 12. Qxf4 Bd7 13. e5 d5 14. Ne2 c5 15.
c3 cxd4 16. cxd4 Bb5 17. Ng3 Ba4 18. Rd3 Bb5 19. Rde3 Rc8 20. Nh5 Qe8 21. Qg4
g6 22. Nf6+ Bxf6 23. exf6 Kh7 24. Qh4 Rh8 25. Ne5 Kg8 26. Rf3 Nd7 27. Nxg6 fxg6
28. f7+ Qxf7 29. Rxf7 Kxf7 30. Qf4+ Kg7 31. Rxe6 Rcf8 32. Re7+ Kg8 33. Bxd5+
1-0

[Event "LiSB-ch C"]
[Site "Sittard"]
[Date "2003.11.30"]
[Round "3"]
[White "Dols, Jos"]
[Black "Werts, Frits"]
[Result "1/2-1/2"]
[WhiteElo "1569"]
[BlackElo "1629"]
[PlyCount "73"]
[EventDate "2003.11.29"]
[EventType "swiss"]
[EventRounds "7"]
[EventCountry "NED"]
[Source "P.Boonen"]
[SourceDate "2012.01.01"]

1. d4 e6 2. a3 f5 3. e3 Nf6 4. Nf3 Be7 5. Be2 O-O 6. O-O d6 7. c4 Qe8 8. Nc3
Nbd7 9. b4 e5 10. dxe5 Nxe5 11. Bb2 Qg6 12. Nd5 Nxf3+ 13. Bxf3 Nxd5 14. cxd5
Bd7 15. Rc1 Rfc8 16. Bh5 Qh6 17. f4 Bf6 18. Bxf6 Qxf6 19. Rf3 a5 20. Qd2 c5 21.
bxa5 Rcb8 22. Rg3 b5 23. axb6 Rxb6 24. Qc3 Qxc3 25. Rxc3 Rb1+ 26. Kf2 Rb2+ 27.
Ke1 Ra2 28. Bf3 R2xa3 29. Rxa3 Rxa3 30. e4 fxe4 31. Bxe4 Rxg3 32. hxg3 g6 33.
Kf2 Kg7 34. Ke3 Kf6 35. Bf3 Bc8 36. Be2 h5 37. Bf3 1/2-1/2

[Event "LiSB-ch C"]
[Site "Sittard"]
[Date "2003.11.30"]
[Round "3"]
[White "Janssen, Maurice"]
[Black "Lemmen, Raoul"]
[Result "0-1"]
[WhiteElo "1635"]
[BlackElo "1598"]
[PlyCount "100"]
[EventDate "2003.11.29"]
[EventType "swiss"]
[EventRounds "7"]
[EventCountry "NED"]
[Source "P.Boonen"]
[SourceDate "2012.01.01"]

1. e4 c5 2. Nf3 Nc6 3. Nc3 d6 4. d4 cxd4 5. Nxd4 Nf6 6. Bb5 Bd7 7. O-O g6 8.
Nxc6 Bxc6 9. Bxc6+ bxc6 10. Qf3 Rc8 11. Rd1 Qc7 12. Bf4 Bg7 13. Rd3 O-O 14.
Rad1 Nd7 15. Qe3 Ne5 16. Bxe5 Bxe5 17. Qh6 Bg7 18. Qh4 h5 19. g4 Bf6 20. g5 Bg7
21. Rh3 Qb6 22. Ne2 Qxb2 23. Nf4 Rfd8 24. Nxh5 gxh5 25. Qxh5 e6 26. Rf3 Rc7 27.
g6 Qe5 28. gxf7+ Kf8 29. Qg6 Rdd7 30. Rb1 Rb7 31. Rfb3 Rxb3 32. Rxb3 d5 33.
exd5 cxd5 34. Re3 Qf6 35. Rxe6 Qxg6+ 36. Rxg6 Kxf7 37. Ra6 Bd4 38. Kg2 Bb6 39.
Ra3 d4 40. Rf3+ Ke6 41. Rd3 Rc7 42. h4 Rxc2 43. h5 Rc7 44. Kg3 Rc3 45. Rf3
Rxf3+ 46. Kxf3 Kf5 47. h6 Kg6 48. Ke4 Kxh6 49. f4 Kg6 50. a4 a5 0-1

[Event "LiSB-ch C"]
[Site "Sittard"]
[Date "2003.11.30"]
[Round "3"]
[White "Paas, Hans"]
[Black "Leenders, Hans"]
[Result "0-1"]
[WhiteElo "1302"]
[BlackElo "1645"]
[PlyCount "55"]
[EventDate "2003.11.29"]
[EventType "swiss"]
[EventRounds "7"]
[EventCountry "NED"]
[Source "P.Boonen"]
[SourceDate "2012.01.01"]

1. c4 Nf6 2. Nc3 e5 3. e4 a6 4. a3 Bc5 5. h3 d6 6. d3 Bd7 7. Bg5 Bc6 8. Nd5
Bxd5 9. cxd5 Nbd7 10. Nf3 h6 11. Bd2 O-O 12. Be2 Nh7 13. O-O f5 14. Be3 Bxe3
15. fxe3 fxe4 16. dxe4 Nc5 17. Nd2 Qg5 18. Rf3 Rxf3 19. Bxf3 Qxe3+ 20. Kh1 Ng5
21. Rb1 Ngxe4 22. Bxe4 Nxe4 23. Nxe4 Qxe4 24. Kh2 Rf8 25. Rc1 Qf5 26. Rc3 Qf1
27. Rc1 Qxd1 28. Rxd1 0-1

[Event "LiSB-ch C"]
[Site "Sittard"]
[Date "2003.11.30"]
[Round "3"]
[White "Palm, Hans"]
[Black "Schoffelen, Jan"]
[Result "1-0"]
[WhiteElo "1444"]
[BlackElo "1407"]
[PlyCount "141"]
[EventDate "2003.11.29"]
[EventType "swiss"]
[EventRounds "7"]
[EventCountry "NED"]
[Source "P.Boonen"]
[SourceDate "2012.01.01"]

1. d4 d5 2. Nf3 Bf5 3. Nc3 Nc6 4. g3 Nb4 5. e4 dxe4 6. Nh4 Qd7 7. Nxf5 Qxf5 8.
g4 Qg6 9. Be3 Nf6 10. h3 Nfd5 11. Nxd5 Nxd5 12. Qe2 c6 13. O-O-O Qd6 14. Kb1 b5
15. Rc1 Nb4 16. b3 Nd5 17. c4 Nxe3 18. Qxe3 bxc4 19. Bxc4 Qg6 20. Rc2 e6 21.
Kb2 Be7 22. f3 exf3 23. Qxf3 e5 24. Rf1 Qf6 25. Bxf7+ Kd7 26. Qxf6 Bxf6 27.
dxe5 Bxe5+ 28. Kb1 Rhf8 29. Rcf2 Kc7 30. Bc4 Rxf2 31. Rxf2 Rd8 32. Kc2 c5 33.
Rf5 Bd4 34. Rd5 Rf8 35. Rf5 Rc8 36. Rf7+ Kb6 37. a4 a5 38. Bd5 Rb8 39. h4 h6
40. g5 hxg5 41. hxg5 Be5 42. Re7 Bd4 43. Re6+ Ka7 44. Kd3 Rd8 45. Ke4 Bc3 46.
Re7+ Kb6 47. Rb7+ Ka6 48. Rc7 Kb6 49. Rc6+ Ka7 50. Rxc5 Bb4 51. Rc7+ Kb6 52.
Rxg7 Kc5 53. Rc7+ Kb6 54. Rc4 Bc5 55. g6 Rd7 56. Bf7 Bf8 57. Kf5 Rd3 58. Re4
Rd8 59. Re8 Rxe8 60. Bxe8 Bg7 61. Bb5 Kc7 62. Ke6 Kb6 63. Kf7 Be5 64. g7 Bxg7
65. Kxg7 Kc5 66. Bc4 Kd6 67. Kf6 Kc6 68. Ke6 Kc5 69. Kd7 Kb6 70. Kd6 Kb7 71.
Kc5 1-0

[Event "LiSB-ch C"]
[Site "Sittard"]
[Date "2003.11.30"]
[Round "3"]
[White "Ploumen, Ralf"]
[Black "Coenjaerts, Rene"]
[Result "0-1"]
[WhiteElo "1662"]
[BlackElo "1605"]
[PlyCount "74"]
[EventDate "2003.11.29"]
[EventType "swiss"]
[EventRounds "7"]
[EventCountry "NED"]
[Source "P.Boonen"]
[SourceDate "2012.01.01"]

1. c4 e5 2. Nc3 Nf6 3. d3 Nc6 4. Bg5 Be7 5. Nf3 d6 6. g3 O-O 7. Bg2 Bd7 8. O-O
h6 9. Bxf6 Bxf6 10. a3 Rb8 11. Qd2 a6 12. Nd5 Re8 13. Nb4 Bf5 14. Qc2 Na5 15.
Nd2 Qd7 16. Rfe1 Nc6 17. Nd5 Bg5 18. Nf3 Bd8 19. Nd2 Ne7 20. Nxe7+ Rxe7 21.
Rac1 c6 22. b4 Bc7 23. Qc3 d5 24. cxd5 cxd5 25. Qc5 Be6 26. Rc2 Qd8 27. Qc3 f6
28. Rec1 Bb6 29. e3 d4 30. Qb2 dxe3 31. fxe3 Bxe3+ 32. Kh1 Bb6 33. Be4 Bd5 34.
Nc4 Bd4 35. Qa2 b5 36. Nb6 Bxa2 37. Rc8 Bxb6 0-1

[Event "LiSB-ch C"]
[Site "Sittard"]
[Date "2003.11.30"]
[Round "3"]
[White "Te Boekhorst, Rene"]
[Black "Ketzer, Sander"]
[Result "0-1"]
[WhiteElo "1369"]
[BlackElo "1481"]
[PlyCount "68"]
[EventDate "2003.11.29"]
[EventType "swiss"]
[EventRounds "7"]
[EventCountry "NED"]
[Source "P.Boonen"]
[SourceDate "2012.01.01"]

1. Nf3 Nc6 2. d4 e6 3. c4 Nf6 4. Bf4 Bd6 5. Bg5 h6 6. Bd2 b6 7. a3 O-O 8. Bc3
Ba6 9. e3 Ne4 10. b4 Bb7 11. Bb2 Ng5 12. Be2 Ne4 13. O-O Nf6 14. Ne5 Bxe5 15.
dxe5 Ne4 16. Nd2 Nxd2 17. Qxd2 Qe7 18. Bf3 Rab8 19. b5 Na5 20. Qd1 Nxc4 21. Bc3
Bxf3 22. Qxf3 Nxa3 23. Bb2 Nc4 24. Bd4 Nd2 25. Qe2 Nxf1 26. Qxf1 Ra8 27. Bb2
Rfc8 28. Ba3 Qg5 29. Bb2 c6 30. Qd1 Qd8 31. Rc1 cxb5 32. Rxc8 Rxc8 33. Bd4 Qc7
34. h3 Qc1 0-1

[Event "LiSB-ch C"]
[Site "Sittard"]
[Date "2003.11.30"]
[Round "4"]
[White "Dreuning, Paul"]
[Black "Paas, Hans"]
[Result "0-1"]
[WhiteElo "1263"]
[BlackElo "1302"]
[PlyCount "94"]
[EventDate "2003.11.29"]
[EventType "swiss"]
[EventRounds "7"]
[EventCountry "NED"]
[Source "P.Boonen"]
[SourceDate "2012.01.01"]

1. e4 e5 2. Nf3 d6 3. Nc3 Bd7 4. Bb5 c6 5. Bc4 b5 6. Bf1 Nf6 7. d4 Qa5 8. Bd2
b4 9. Ne2 Nxe4 10. dxe5 dxe5 11. Ng3 Nxg3 12. hxg3 Bd6 13. Bc4 h6 14. O-O Bg4
15. Be2 Qb6 16. Be3 c5 17. c4 O-O 18. Nh4 Bxe2 19. Qxe2 Nd7 20. Nf5 Bc7 21.
Ne7+ Kh7 22. Qd3+ g6 23. Qxd7 Bd6 24. Nd5 Qa6 25. Nf6+ Kg7 26. Ne4 Rad8 27. Qb5
Qc8 28. Bxc5 Bxc5 29. Qxc5 Qa8 30. Qxe5+ f6 31. Qe7+ Rf7 32. Qe6 Re8 33. Qg4
Rxe4 34. Qf3 Rfe7 35. Rfe1 Rxe1+ 36. Rxe1 Rxe1+ 37. Kh2 Re4 38. Qd3 Kf7 39.
Qd7+ Re7 40. Qd2 a5 41. Qxh6 Qg8 42. Qd2 Kg7 43. a3 Qxc4 44. axb4 axb4 45. Qd6
Kf7 46. f4 Qe6 47. Qxe6+ Rxe6 0-1

[Event "LiSB-ch C"]
[Site "Sittard"]
[Date "2003.11.30"]
[Round "4"]
[White "Ketzer, Sander"]
[Black "Dols, Jos"]
[Result "1/2-1/2"]
[WhiteElo "1481"]
[BlackElo "1569"]
[PlyCount "55"]
[EventDate "2003.11.29"]
[EventType "swiss"]
[EventRounds "7"]
[EventCountry "NED"]
[Source "P.Boonen"]
[SourceDate "2012.01.01"]

1. e4 c5 2. Nf3 Nc6 3. Nc3 e6 4. d3 Nge7 5. Be3 d6 6. Be2 g6 7. O-O Bg7 8. Qd2
b6 9. Bg5 h6 10. Be3 d5 11. exd5 exd5 12. Bf4 a6 13. Rfe1 d4 14. Ne4 Nd5 15.
Nd6+ Kf8 16. Nxc8 Nxf4 17. Qxf4 Rxc8 18. Bf1 Nb4 19. Qd2 h5 20. a3 Nd5 21. Qg5
Nf6 22. Qd2 Bh6 23. Qe2 Rc7 24. g3 Kg7 25. Bg2 Re8 26. Qf1 Rce7 27. Rxe7 Rxe7
28. Re1 1/2-1/2

[Event "LiSB-ch C"]
[Site "Sittard"]
[Date "2003.11.30"]
[Round "4"]
[White "Leenders, Hans"]
[Black "Janssen, Maurice"]
[Result "1-0"]
[WhiteElo "1645"]
[BlackElo "1635"]
[PlyCount "73"]
[EventDate "2003.11.29"]
[EventType "swiss"]
[EventRounds "7"]
[EventCountry "NED"]
[Source "P.Boonen"]
[SourceDate "2012.01.01"]

1. Nf3 d5 2. d4 Bf5 3. Bf4 e6 4. e3 Bd6 5. Bxd6 Qxd6 6. c3 c5 7. Bb5+ Nc6 8.
Ne5 Nge7 9. O-O O-O 10. Nxc6 Nxc6 11. Nd2 cxd4 12. exd4 e5 13. Bxc6 bxc6 14.
dxe5 Qxe5 15. Re1 Qd6 16. Ne4 Bxe4 17. Rxe4 Rfe8 18. Rd4 Qe5 19. Qd2 Re7 20. g3
Qe2 21. Rd1 Rae8 22. Qxe2 Rxe2 23. R4d2 g6 24. Kf1 Rxd2 25. Rxd2 Kg7 26. Re2
Rxe2 27. Kxe2 Kf6 28. Kd3 c5 29. b4 cxb4 30. cxb4 Ke5 31. f4+ Kd6 32. a4 f6 33.
Kd4 g5 34. f5 h5 35. b5 h4 36. g4 h3 37. a5 1-0

[Event "LiSB-ch C"]
[Site "Sittard"]
[Date "2003.11.30"]
[Round "4"]
[White "Lemmen, Raoul"]
[Black "Coenjaerts, Rene"]
[Result "1-0"]
[WhiteElo "1598"]
[BlackElo "1605"]
[PlyCount "63"]
[EventDate "2003.11.29"]
[EventType "swiss"]
[EventRounds "7"]
[EventCountry "NED"]
[Source "P.Boonen"]
[SourceDate "2012.01.01"]

1. d4 d5 2. c4 dxc4 3. Nf3 a6 4. a4 Nf6 5. Nc3 Bg4 6. e3 e6 7. Bxc4 c5 8. O-O
Nbd7 9. Be2 Be7 10. Qc2 O-O 11. Rd1 Qc7 12. d5 Bd6 13. h3 Bxf3 14. Bxf3 exd5
15. Nxd5 Nxd5 16. Bxd5 Nf6 17. Bxb7 Ra7 18. Bf3 Rd8 19. Bd2 Qe7 20. Ba5 Rb8 21.
Rd2 Bc7 22. Bc3 Be5 23. Rc1 Rc7 24. b3 g6 25. Ba5 Rcc8 26. Qc4 Qa7 27. Be2 Rc6
28. f4 Bc7 29. Bc3 Bd8 30. Rcd1 Be7 31. Bxf6 Bxf6 32. Rd7 1-0

[Event "LiSB-ch C"]
[Site "Sittard"]
[Date "2003.11.30"]
[Round "4"]
[White "Schoffelen, Jan"]
[Black "Ploumen, Ralf"]
[Result "1-0"]
[WhiteElo "1407"]
[BlackElo "1662"]
[PlyCount "103"]
[EventDate "2003.11.29"]
[EventType "swiss"]
[EventRounds "7"]
[EventCountry "NED"]
[Source "P.Boonen"]
[SourceDate "2012.01.01"]

1. e4 e5 2. Nf3 Nf6 3. Bc4 Nxe4 4. Nxe5 d5 5. Qf3 Be6 6. d3 Ng5 7. Bxg5 Qxg5 8.
Bb5+ c6 9. Nxf7 Qc1+ 10. Qd1 Qxd1+ 11. Kxd1 Bxf7 12. Re1+ Kd7 13. Ba4 Bh5+ 14.
f3 Be7 15. Nd2 Bf6 16. g4 Bf7 17. Nf1 Re8 18. Rxe8 Kxe8 19. f4 h6 20. Ke2 Kf8
21. c3 Nd7 22. Ng3 Re8+ 23. Kf2 Bh4 24. Kf3 Nc5 25. Bc2 Bxg3 26. hxg3 Kg8 27.
f5 Rf8 28. Re1 Re8 29. Rh1 Nd7 30. d4 Ne5+ 31. dxe5 Rxe5 32. Rh2 b6 33. Kf4 Re1
34. g5 Rf1+ 35. Kg4 hxg5 36. Kxg5 Rg1 37. g4 Be8 38. Re2 Kf7 39. Rf2 Bd7 40.
Bb3 a6 41. c4 dxc4 42. Bxc4+ Ke7 43. Bxa6 b5 44. a4 Ra1 45. axb5 cxb5 46. Bb7
Rd1 47. Rh2 Kf7 48. Rh7 Rd6 49. Kf4 Rd4+ 50. Kg5 Rd6 51. Rh2 g6 52. Rh7+ 1-0

[Event "LiSB-ch C"]
[Site "Sittard"]
[Date "2003.11.30"]
[Round "4"]
[White "Werts, Frits"]
[Black "Palm, Hans"]
[Result "1-0"]
[WhiteElo "1629"]
[BlackElo "1444"]
[PlyCount "61"]
[EventDate "2003.11.29"]
[EventType "swiss"]
[EventRounds "7"]
[EventCountry "NED"]
[Source "P.Boonen"]
[SourceDate "2012.01.01"]

1. e4 e5 2. f4 Nc6 3. Nf3 Bd6 4. Bc4 h6 5. O-O b6 6. fxe5 Nxe5 7. Nxe5 Bxe5 8.
d4 Bf6 9. e5 d5 10. Bb5+ Bd7 11. Bxd7+ Qxd7 12. exf6 Nxf6 13. Re1+ Ne4 14. Nc3
f5 15. Qh5+ Kd8 16. Nxe4 dxe4 17. Be3 Kc8 18. Rf1 Rf8 19. c4 Kb7 20. a4 a5 21.
d5 Qd6 22. Rxf5 g6 23. Qe2 Rxf5 24. Rc1 c6 25. dxc6+ Kxc6 26. Rd1 Qe7 27. c5
bxc5 28. g4 Rf3 29. Qb5+ Kc7 30. Bxc5 Rb8 31. Qxa5+ 1-0

[Event "LiSB-ch C"]
[Site "Sittard"]
[Date "2003.12.06"]
[Round "5"]
[White "Coenjaerts, Rene"]
[Black "Werts, Frits"]
[Result "1/2-1/2"]
[WhiteElo "1605"]
[BlackElo "1629"]
[PlyCount "52"]
[EventDate "2003.11.29"]
[EventType "swiss"]
[EventRounds "7"]
[EventCountry "NED"]
[Source "P.Boonen"]
[SourceDate "2012.01.01"]

1. e4 e6 2. d4 d5 3. Nd2 Nf6 4. e5 Nfd7 5. Bd3 c5 6. c3 Nc6 7. Ne2 Be7 8. Nf3
O-O 9. Nf4 cxd4 10. cxd4 Nb6 11. O-O f6 12. exf6 Bxf6 13. Re1 Qd6 14. a3 Bd7
15. Bc2 e5 16. dxe5 Bxe5 17. Nxe5 Nxe5 18. Bxh7+ Kxh7 19. Qh5+ Kg8 20. Qxe5
Rae8 21. Qc3 Rxe1+ 22. Qxe1 Rxf4 23. Bxf4 Qxf4 24. Rd1 Bc6 25. Rd3 Nc4 26. Qe6+
Qf7 1/2-1/2

[Event "LiSB-ch C"]
[Site "Sittard"]
[Date "2003.12.06"]
[Round "5"]
[White "Dols, Jos"]
[Black "Schoffelen, Jan"]
[Result "1-0"]
[WhiteElo "1569"]
[BlackElo "1407"]
[PlyCount "77"]
[EventDate "2003.11.29"]
[EventType "swiss"]
[EventRounds "7"]
[EventCountry "NED"]
[Source "P.Boonen"]
[SourceDate "2012.01.01"]

1. d4 Nf6 2. c4 e6 3. a3 c5 4. Nf3 cxd4 5. Nxd4 Bc5 6. e3 Nc6 7. Nxc6 bxc6 8.
b4 Bb6 9. c5 Bc7 10. Bb2 d6 11. cxd6 Bb8 12. Be2 O-O 13. Bf3 Nd5 14. O-O Bxd6
15. Qc2 Qc7 16. g3 Bb7 17. Rd1 a6 18. Nc3 Nxc3 19. Qxc3 f6 20. Rac1 Be5 21. Qb3
Bxb2 22. Qxb2 e5 23. Qb3+ Kh8 24. Qe6 Rfe8 25. Qd7 Re7 26. Qxc7 Rxc7 27. Rd6 f5
28. Rcd1 h6 29. Bh5 Rcc8 30. Bg6 Rf8 31. Rd7 Rab8 32. Re7 Rf6 33. Rxb7 Rc8 34.
Rc7 Ra8 35. Bh5 g6 36. Be2 a5 37. Rdd7 Kg8 38. Rh7 axb4 39. Bc4+ 1-0

[Event "LiSB-ch C"]
[Site "Sittard"]
[Date "2003.12.06"]
[Round "5"]
[White "Leenders, Hans"]
[Black "Lemmen, Raoul"]
[Result "0-1"]
[WhiteElo "1645"]
[BlackElo "1598"]
[PlyCount "72"]
[EventDate "2003.11.29"]
[EventType "swiss"]
[EventRounds "7"]
[EventCountry "NED"]
[Source "P.Boonen"]
[SourceDate "2012.01.01"]

1. Nf3 d5 2. d4 Nf6 3. h3 e6 4. Bf4 c5 5. e3 Nc6 6. c3 Bd7 7. Bd3 c4 8. Bc2 Rc8
9. Nbd2 Qa5 10. O-O b5 11. a3 Be7 12. Re1 O-O 13. e4 dxe4 14. Nxe4 Nd5 15. Bh2
Rfd8 16. Neg5 h6 17. Ne4 Be8 18. Qe2 Qb6 19. Ne5 a5 20. Kh1 Nxe5 21. Bxe5 f5
22. Ng3 Bf7 23. f4 Bh4 24. Qf3 b4 25. Re2 bxc3 26. bxc3 Qb2 27. Rb1 Qxc3 28.
Nf1 Qxf3 29. gxf3 Nc3 30. Rg2 Nxb1 31. Rxg7+ Kf8 32. Bxb1 Bf2 33. Rh7 Bxd4 34.
Rh8+ Bg8 35. Bxd4 Rxd4 36. Rxh6 Rd1 0-1

[Event "LiSB-ch C"]
[Site "Sittard"]
[Date "2003.12.06"]
[Round "5"]
[White "Palm, Hans"]
[Black "Ketzer, Sander"]
[Result "0-1"]
[WhiteElo "1444"]
[BlackElo "1481"]
[PlyCount "86"]
[EventDate "2003.11.29"]
[EventType "swiss"]
[EventRounds "7"]
[EventCountry "NED"]
[Source "P.Boonen"]
[SourceDate "2012.01.01"]

1. d4 d5 2. Nf3 e6 3. Bf4 Bd6 4. Bxd6 Qxd6 5. e3 c5 6. Bb5+ Bd7 7. Bxd7+ Nxd7
8. c3 Ngf6 9. Nbd2 O-O 10. Rc1 Nb6 11. Nb3 cxd4 12. cxd4 Nc4 13. Rc2 Qb4+ 14.
Nfd2 Ne4 15. O-O Nexd2 16. Nxd2 Nxb2 17. Qb1 Nd3 18. Qxb4 Nxb4 19. Rb2 Nc6 20.
Rxb7 Rfb8 21. Rfb1 Kf8 22. g3 a5 23. Rxb8+ Rxb8 24. Rxb8+ Nxb8 25. Nb3 a4 26.
Nc5 a3 27. Kf1 Nc6 28. Ke1 Nb4 29. Nb3 Nxa2 30. Kd2 Nb4 31. Kc3 Na2+ 32. Kc2
Ke7 33. Na1 Kd6 34. Kb3 Nc1+ 35. Kxa3 Nd3 36. f4 Nf2 37. Nb3 Ng4 38. h3 Nxe3
39. Nd2 Nf5 40. Nf3 Nxg3 41. Ng5 f6 42. Nf3 Ne2 43. Kb3 Nxf4 0-1

[Event "LiSB-ch C"]
[Site "Sittard"]
[Date "2003.12.06"]
[Round "5"]
[White "Ploumen, Ralf"]
[Black "Dreuning, Paul"]
[Result "1-0"]
[WhiteElo "1662"]
[BlackElo "1263"]
[PlyCount "131"]
[EventDate "2003.11.29"]
[EventType "swiss"]
[EventRounds "7"]
[EventCountry "NED"]
[Source "P.Boonen"]
[SourceDate "2012.01.01"]

1. e4 e5 2. Nf3 Nc6 3. Bc4 d6 4. d3 Be6 5. Bxe6 fxe6 6. Nc3 a6 7. O-O Nf6 8.
Ng5 Qd7 9. Be3 h6 10. Nf3 Be7 11. a3 O-O 12. Nh4 Qe8 13. Nf3 Ng4 14. Bd2 Qg6
15. h3 Nf6 16. Nh4 Qf7 17. Qf3 Nd7 18. Qg3 Nd4 19. Rac1 d5 20. Ng6 dxe4 21.
Nxf8 Nxf8 22. Qxe5 Nb5 23. Qxe4 Nd6 24. Qg4 Ng6 25. Rfe1 e5 26. Ne4 Rd8 27.
Nxd6 cxd6 28. Bb4 b5 29. Qh5 Nf4 30. Qxf7+ Kxf7 31. Re3 Nd5 32. Rf3+ Bf6 33. c4
bxc4 34. Ba5 Rc8 35. dxc4 Nf4 36. Kf1 g5 37. Bb4 e4 38. Rb3 d5 39. c5 Nd3 40.
Rxd3 exd3 41. Rd1 Bxb2 42. Rxd3 Ke6 43. Re3+ Be5 44. Bc3 d4 45. Bxd4 Kd5 46.
Bxe5 Rxc5 47. Bg7 Rc1+ 48. Ke2 Rc2+ 49. Kf3 Rc4 50. Bxh6 Rf4+ 51. Kg3 Rf5 52.
Rb3 Kc5 53. Rf3 Rd5 54. Kg4 Rd1 55. Bxg5 Rg1 56. Kg3 Kd4 57. Re3 Rd1 58. h4 Kc4
59. Be7 Rd7 60. Kf3 a5 61. g4 Rb7 62. g5 Rb5 63. g6 Kd4 64. g7 Re5 65. Rxe5
Kxe5 66. g8=Q 1-0

[Event "LiSB-ch C"]
[Site "Sittard"]
[Date "2003.12.06"]
[Round "5"]
[White "Te Boekhorst, Rene"]
[Black "Paas, Hans"]
[Result "1/2-1/2"]
[WhiteElo "1369"]
[BlackElo "1302"]
[PlyCount "50"]
[EventDate "2003.11.29"]
[EventType "swiss"]
[EventRounds "7"]
[EventCountry "NED"]
[Source "P.Boonen"]
[SourceDate "2012.01.01"]

1. Nf3 c5 2. c4 Nc6 3. Nc3 e5 4. d3 d6 5. e3 a6 6. Be2 Nf6 7. h3 Bd7 8. a3 Be7
9. Bd2 h6 10. O-O O-O 11. Nh2 Nh7 12. Bf3 Qc8 13. Be4 Bf5 14. Bxf5 Qxf5 15. Be1
Qg6 16. Nd5 Bd8 17. b4 Nf6 18. e4 Nxd5 19. cxd5 Nd4 20. bxc5 dxc5 21. Nf3 Bc7
22. Nxd4 exd4 23. Qg4 Qxg4 24. hxg4 Bd6 25. Ba5 b5 1/2-1/2

[Event "LiSB-ch C"]
[Site "Sittard"]
[Date "2003.12.06"]
[Round "6"]
[White "Dreuning, Paul"]
[Black "Palm, Hans"]
[Result "0-1"]
[WhiteElo "1263"]
[BlackElo "1444"]
[PlyCount "86"]
[EventDate "2003.11.29"]
[EventType "swiss"]
[EventRounds "7"]
[EventCountry "NED"]
[Source "P.Boonen"]
[SourceDate "2012.01.01"]

1. e4 e5 2. Nf3 Nc6 3. Bb5 d6 4. O-O Nf6 5. Nc3 Bd7 6. d3 a6 7. Bc4 Na5 8. b3
b5 9. b4 Nb7 10. Bb3 Be7 11. Nd5 O-O 12. Nxf6+ Bxf6 13. Bd5 c6 14. Bb3 a5 15.
bxa5 Nxa5 16. Bd2 Nb7 17. Bc3 Bg4 18. Qd2 Bxf3 19. gxf3 Bg5 20. Qe2 Bf4 21. Bd2
Qg5+ 22. Kh1 Bxd2 23. Rg1 Qh6 24. Qf1 Bf4 25. Qg2 g6 26. Rad1 Na5 27. d4 Nxb3
28. axb3 Ra2 29. c4 bxc4 30. bxc4 Qh4 31. h3 Rxf2 32. Qxf2 Qxf2 33. Rg2 Qxf3
34. Kg1 Qxd1+ 35. Kf2 Qxd4+ 36. Ke2 Qxc4+ 37. Kf2 Qxe4 38. Rg4 Qd4+ 39. Kf3
Qd1+ 40. Ke4 Qxg4 41. hxg4 Ra8 42. Kf3 d5 43. Kg2 Ra3 0-1

[Event "LiSB-ch C"]
[Site "Sittard"]
[Date "2003.12.06"]
[Round "6"]
[White "Ketzer, Sander"]
[Black "Leenders, Hans"]
[Result "1/2-1/2"]
[WhiteElo "1481"]
[BlackElo "1645"]
[PlyCount "111"]
[EventDate "2003.11.29"]
[EventType "swiss"]
[EventRounds "7"]
[EventCountry "NED"]
[Source "P.Boonen"]
[SourceDate "2012.01.01"]

1. e4 e6 2. d4 d5 3. exd5 exd5 4. Bd3 Bd6 5. Nf3 Nf6 6. Qe2+ Be6 7. O-O O-O 8.
Bg5 Nbd7 9. c3 Re8 10. Qd1 c6 11. h3 Qc7 12. Qc2 h6 13. Be3 Nf8 14. Re1 Nh5 15.
Qd1 Nf4 16. Bc2 Bd7 17. Nbd2 Re7 18. Nf1 Rae8 19. Qd2 N4g6 20. a3 f5 21. Qd1 f4
22. Bd2 Rxe1 23. Bxe1 Ne7 24. Bd3 Bf5 25. Qc2 Qd7 26. Bd2 Bxd3 27. Qxd3 Qf5 28.
Qxf5 Nxf5 29. Re1 Rxe1 30. Nxe1 Ne6 31. Nd3 g5 32. Nh2 Kg7 33. Nf3 Ne7 34. Nfe5
Ng6 35. Nxg6 Kxg6 36. f3 b6 37. Kf1 c5 38. dxc5 Bxc5 39. Ne5+ Kf5 40. Nd3 Nf8
41. Be1 Ng6 42. Ke2 Be3 43. Kd1 Ne5 44. Nxe5 Kxe5 45. Kc2 d4 46. cxd4+ Bxd4 47.
Bc3 Bxc3 48. Kxc3 Kd5 49. Kd3 b5 50. b4 a6 51. Kc3 Ke5 52. Kd3 Kd5 53. Kc3 h5
54. Kd3 Ke5 55. Kc3 h4 56. Kd3 1/2-1/2

[Event "LiSB-ch C"]
[Site "Sittard"]
[Date "2003.12.06"]
[Round "6"]
[White "Lemmen, Raoul"]
[Black "Dols, Jos"]
[Result "1-0"]
[WhiteElo "1598"]
[BlackElo "1569"]
[PlyCount "81"]
[EventDate "2003.11.29"]
[EventType "swiss"]
[EventRounds "7"]
[EventCountry "NED"]
[Source "P.Boonen"]
[SourceDate "2012.01.01"]

1. d4 Nf6 2. c4 g6 3. Nc3 Bg7 4. e4 d6 5. Be3 a6 6. Be2 Nbd7 7. Nf3 c5 8. d5
Ng4 9. Bd2 Nde5 10. Nxe5 Nxe5 11. f4 Nd7 12. O-O O-O 13. Qc2 Rb8 14. f5 Ne5 15.
fxg6 fxg6 16. Rxf8+ Qxf8 17. Rf1 Qe8 18. Rf4 Nf7 19. h4 Be5 20. Rf1 Bd4+ 21.
Kh1 Ne5 22. h5 Bg4 23. Bh6 Qd7 24. hxg6 hxg6 25. Qd2 Bxc3 26. bxc3 Bxe2 27.
Qxe2 Qg4 28. Qxg4 Nxg4 29. Bg5 Rf8 30. Rb1 Rf7 31. Kg1 Ne5 32. Rxb7 Kf8 33.
Rb8+ Kg7 34. Ra8 Nxc4 35. Rxa6 Ne5 36. a4 Ng4 37. Ra7 Kf8 38. a5 e6 39. Rxf7+
Kxf7 40. a6 Ne5 41. a7 1-0

[Event "LiSB-ch C"]
[Site "Sittard"]
[Date "2003.12.06"]
[Round "6"]
[White "Schoffelen, Jan"]
[Black "Coenjaerts, Rene"]
[Result "0-1"]
[WhiteElo "1407"]
[BlackElo "1605"]
[PlyCount "78"]
[EventDate "2003.11.29"]
[EventType "swiss"]
[EventRounds "7"]
[EventCountry "NED"]
[Source "P.Boonen"]
[SourceDate "2012.01.01"]

1. e4 e5 2. Bc4 Nf6 3. Nc3 Bc5 4. Nf3 Nc6 5. O-O O-O 6. a3 a6 7. d3 h6 8. Na4
Ba7 9. Nc3 d6 10. Be3 b6 11. Qc1 Ng4 12. Ne2 Nxe3 13. fxe3 b5 14. Bd5 Bd7 15.
c3 Rc8 16. Bxc6 Bxc6 17. Ng3 Bd7 18. d4 Qe7 19. Qc2 c5 20. d5 c4 21. Rae1 Rb8
22. Nf5 Bxf5 23. exf5 Rfc8 24. Kh1 Rc7 25. e4 Rcb7 26. g3 Qc7 27. Qe2 a5 28.
Nd2 Bc5 29. Qg4 f6 30. Qf3 Ba7 31. Qe2 Rc8 32. Rc1 Bc5 33. Rc2 Qb6 34. Rf3 Rf7
35. g4 Qd8 36. Qg2 Ba7 37. Rh3 Rb7 38. Nf1 Qb6 39. Qe2 Qg1# 0-1

[Event "LiSB-ch C"]
[Site "Sittard"]
[Date "2003.12.06"]
[Round "6"]
[White "Te Boekhorst, Rene"]
[Black "Ploumen, Ralf"]
[Result "0-1"]
[WhiteElo "1369"]
[BlackElo "1662"]
[PlyCount "100"]
[EventDate "2003.11.29"]
[EventType "swiss"]
[EventRounds "7"]
[EventCountry "NED"]
[Source "P.Boonen"]
[SourceDate "2012.01.01"]

1. Nf3 Nf6 2. c4 Nc6 3. d4 d6 4. a3 Bg4 5. d5 Bxf3 6. dxc6 Bxc6 7. Nd2 e5 8. b4
Qd7 9. Nf3 g6 10. Bb2 Bg7 11. b5 Be4 12. e3 Qf5 13. Be2 O-O 14. O-O Nd7 15. Ne1
Nc5 16. Bg4 Qg5 17. Bf3 Bxf3 18. Nxf3 Qf5 19. Ne1 a6 20. a4 Qe4 21. Qc2 axb5
22. cxb5 Qxc2 23. Nxc2 Nxa4 24. Ra2 Nxb2 25. Rxb2 Ra5 26. Rfb1 Rfa8 27. Ne1 Ra1
28. Kf1 e4 29. Rb3 Rxb1 30. Rxb1 Ra1 31. Rxa1 Bxa1 32. Ke2 Kf8 33. Nc2 Bc3 34.
f3 f5 35. f4 Ke7 36. Na3 d5 37. Nc2 Kd6 38. Nd4 Bxd4 39. exd4 Kd7 40. h3 Kc8
41. g4 Kb8 42. gxf5 gxf5 43. h4 h5 44. Kd2 Ka7 45. Kc3 Kb6 46. Kb4 e3 47. Kc3
e2 48. Kd2 e1=Q+ 49. Kxe1 Kxb5 50. Kd2 Kc4 0-1